College Football Sudden Death by State: Georgia - Statistics

General Stats
  • This quiz has been taken 98 times
  • The average score is 4 of 6
Answers on the Grid
Answers color-coded by a green-red scale on the quiz's grid according to % correct below.
 
Answer Stats
Answer % Correct
University of Georgia
(Athens, GA)
92%
Georgia Tech
(Atlanta, GA)
81%
Georgia State University
(Atlanta, GA)
79%
Georgia Southern University
(Statesboro, GA)
71%
Kennesaw State University
(Kennesaw, GA)
63%
Mercer University
(Macon, GA)
38%
No matching quizzes found
Score Distribution
Percent of People with Each Score
Percentile by Number Answered
Your Score History
You have not taken this quiz